00710nam a2200181Ia 450000500170000000800410001702000180005808200220007610000310009824500430012926000430017230000130021544000090022865000350023794200070027299900190027995202300029820240627115145.0240126s9999 xx 000 0 und d a9789381893029 a621.312 KHA;1 R aKhadpekar, Nirmala Rao ed. 0aWind power : alternative energy source bIcfai university PressaAgartalac2012 axii, 266 aNULL aWind,alternative,energy,source cPU c273629d273629 r2024-01-26 00:00:00l0o621.312 KHA;1 RpPU2103W30h(04/07/1905)v836.50w2024-01-26yPU1040708CL00KSIPHO/2014/CRB/517aMLbMLcCLd2014-11-17eSurya Infotainment Products Pvt. Ltd.g1195.00EECGRSF1V358.5URupees